000 00689nam a2200217 a 4500
001 000003028
005 20200929150318.0
008 090706s2008 dr 001 0 spa d
020 _a9780981741604
040 _aDO-SdBNP
_bspa
_cBNPHU
082 _a468
_bP438c
100 1 _aNereída Pérez, Luz
_99595
245 1 2 _a¿Cuál es tu duda? :
_bUsos correctos de la lengua española /
_cLuz Nereída Pérez.
260 _aSanto Domingo :
_bMariana,
_c2008.
300 _a87p. : ;
_c22 cm.
500 _aIncluye índice
500 _aIncluye datos biográficos del autor
650 4 _aEspañol
_xErrores de uso
_99596
650 4 _aEspañol
_xUso
_99597
650 4 _aEspañol
_xOrtografía
_91453
999 _c2859
_d2859